000 00948nam a2200205 a 4500
001 000240682
003 AM-YeHGA
005 20250618071620.0
008 030627s1978 ai 000 | arm d
040 _aAM-YeHGA
100 1 _aՄելիք, Ռուբեն,
_d1921-2007
245 1 0 _aՄարմին, ինձնով կենդանի :
_b[Բանաստեղծություններ] /
_cՌ. Մելիք; Ֆրանս. թարգմ.՝ Ա. Ալիքյան; Առաջաբ.՝ Ս. Ալաջաջյան; Խմբ.՝ Գ. Քեշիշյան.
246 1 1 _aCe corps vivant de moi
260 _aԵրևան :
_bՍովետական գրող,
_c1978.
300 _a160 էջ :
_bդիմանկ. ;
_c14 սմ.
650 1 4 _aՖրանսիական գրականություն
_xՊոեզիա
700 1 _aԱլաջաջյան, Ստեփան Եղիայի,
_d1924-2010
_eառաջաբ.
_4aui
_979
700 1 _aՔեշիշյան, Գրիգոր Սամվելի,
_d1921-1980
_eխմբ.
_4edt
_92468
090 _c86524
999 _c85245
_d85245